International journal of investment and finance (Record no. 38323)

MARC details
000 -LEADER
fixed length control field 00507nam a2200169Ia 4500
022 ## - INTERNATIONAL STANDARD SERIAL NUMBER
ISSN 20069030
050 ## - CALL MARK
Classification number HG 187.5 .N6 I58/
245 #0 - TITLE STATEMENT
Title International journal of investment and finance
260 ## - PUBLICATION, DISTRIBUTION, ETC. (IMPRINT)
Place of publication Ikot Ekpene
260 ## - PUBLICATION, DISTRIBUTION, ETC. (IMPRINT)
Name of publisher CRC Press
260 ## - PUBLICATION, DISTRIBUTION, ETC. (IMPRINT)
Year of publication 2011
300 ## - PHYSICAL DESCRIPTION
Number of Pages iv. , 177 p. ; 24 cm.
650 ## - SUBJECT ADDED ENTRY--TOPICAL TERM
Topical Term Finance--Nigeria--Periodicals. Business--Nigeria--Periodicals. Investments--Nigeria--Periodicals.
942 ## - ADDED ENTRY ELEMENTS (KOHA)
Koha item type Serials

No items available.